ნორმალური ფორმატი
MARC ფორმატი
ჩანაწერი Personal Name
ჩანაწერთა რაოდენობა, რომელიც გამოყენებულია: 1
001 - CONTROL NUMBER
- control field: 23690
003 - CONTROL NUMBER IDENTIFIER
- control field: GE_BSU
005 - DATE AND TIME OF LATEST TRANSACTION
- control field: 20241114114659.0
008 - FIXED-LENGTH DATA ELEMENTS
- fixed length control field: 241114|| aca||aabn | a|a d
040 ## - CATALOGING SOURCE
- Original cataloging agency: GE_BSU
- Transcribing agency: GE_BSU
100 ## - HEADING--PERSONAL NAME
- Personal name: მოგილევსკი, ბ.ლ.,
670 ## - SOURCE DATA FOUND
- Source citation: Work cat.: (GE_BSU): მოგილევსკი, ბ.ლ., , პიროგოვი :
